Представление документа в формате MARC21

Поле Инд. ПП Название Значение
Тип записи a
Библиографический уровень b
001 Контрольный номер RU/IS/BASE/185981279
005 Дата корректировки 20220715140341.4
008 Кодируемые данные 20051122
084 a Индекс другой классификации/Индекс ББК 66.3(4Гем),123; 66.033.123
a Индекс другой классификации/Индекс ББК 66.3(4Фра),123
a Индекс другой классификации/Индекс ББК 66.3(7США),123
a Индекс другой классификации/Индекс ББК 66.3(4Вел),123
100 1_ a Автор Бирюков С. В.
q Полное имя Бирюков Сергей Владимирович
245 a Заглавие Модели систем управления регионами и специфика положения институтов региональной власти
504 a Библиография Библиогр. ссылки. - Примеч.
650 a Основная рубрика внутренняя политика
a Основная рубрика политика
a Основная рубрика политология
653 a Ключевые слова Великобритания
a Ключевые слова Германия
a Ключевые слова государство
a Ключевые слова деконцентрация управления
a Ключевые слова децентрализация управления
a Ключевые слова кооперативный федерализм
a Ключевые слова модели управления
a Ключевые слова политическое управление
a Ключевые слова регионализм
a Ключевые слова региональная власть
a Ключевые слова региональное управление
a Ключевые слова США
a Ключевые слова управление регионами
a Ключевые слова федерализм
a Ключевые слова федеративные отношения
a Ключевые слова федерация
a Ключевые слова Франция
773 t Заглавие источника Вестник Московского университета. Серия 18, Социология и политология
d Дата издания источника 2005
g Прочая информация № 3. - С. 61 - 78
w Контрольный № источника RU/IS/BASE/184253657
901 t Тип документа b